The Mameluke, or Slave Dynasty of Egypt : a history of Egypt from the fall of the Ayyubite dynasties to the conquest by the Osmanlis, A.D. 1260-1517 /

محفوظ في:

المؤلف الرئيسي: Muir, William, Sir, 1819-1905 (auther)

التنسيق: كتاب

اللغة: English

منشور في: Amsterdam : Oriental Press, 1968.

الطبعة: (Repr. of the ed. London 1896)

الموضوعات:

الوسوم: إضافة وسم

لا توجد وسوم, كن أول من يضع وسما على هذه التسجيلة!

رقم الطلب: DT96 .M95 1968

LEADER 00779cam a2200217Mi 4500
001 ocn428383313
003 OCoLC
005 20250505075112.0
008 901001s1968 ne ab 000 0 eng d
043 |a f-ua--- 
050 4 |a DT96 .M95 1968 
100 1 |a Muir, William,  |c Sir,  |d 1819-1905  |e auther 
245 1 4 |a The Mameluke, or Slave Dynasty of Egypt :   |b a history of Egypt from the fall of the Ayyubite dynasties to the conquest by the Osmanlis, A.D. 1260-1517 /   |c William Muir. 
250 |a (Repr. of the ed. London 1896) 
264 1 |a Amsterdam :  |b Oriental Press,  |c 1968. 
300 |a xxxii, 245 pages :  |b illustrations (some folded), folded map ;  |c 24 cm. 
650 0 |a Mamelukes. 
651 0 |a Egypt  |x History  |y 640-1882. 
901 |a reviewed 
942 |2 lcc  |c BK 
999 |c 55495  |d 55495